000 01620nam a2200217Ia 4500
003 Ost
005 20260416102356.0
008 260416s9999||||xx |||||||||||||| ||und||
040 _cfsecg
041 _aara
082 _a658
100 _aبوقلبع، نوال
_eمؤلف
245 0 _aمحاضرات في مقياس مدخل إدارة الأعمال :
_bمطبوعة مقدة لطلبة الليسانس السنة الأولى ل م د /
_c نوال بوقلبع
260 _aالجزائر
_bجامعة الجزائر3: كلية العلوم الإقتصادية، العلوم التجارية وعلوم التسيير
_c2021
300 _a84 ورقة
_bايضاحات
_c30 سم
504 _aمراجع ص.82
520 _aتعريف و خصائص و أبعاد الادارة و سمات الادارة و مهاراتها و مستوياتها ووظائفها و مجالاتها و علاقة علم الادارة بالعلوم الاخرى ، المدرسة الكلاسيكية و مدرسة العلاقات الانسانية ف و المدرسة السلوكية و المدرسة الحديثة في الادارة ، الوظائف الأساسية في علم الادارة و المتمثلة في وظيفة التخطيط ووظيفة التنظيم ووظيفة التوجيه ( القيادة ، التحفيز و الاتصال ) ووظيفة الرقابة.
653 _aإدارة الاعمال
710 _aجامعة الجزائر3: كلية العلوم الإقتصادية، العلوم التجارية وعلوم التسيير
_eناشر علمي
942 _cHANDOUT
999 _c41224
_d41224